University of California publications in pharmacology. (Record no. 1488)
[ view plain ]
| 000 -LEADER | |
|---|---|
| fixed length control field | 02554cas a22006851 4500 |
| 001 - CONTROL NUMBER | |
| control field | data |
| 005 - DATE AND TIME OF LATEST TRANSACTION | |
| control field | 20260322212103.0 |
| 008 - FIXED-LENGTH DATA ELEMENTS--GENERAL INFORMATION | |
| fixed length control field | data |
| 010 ## - LIBRARY OF CONGRESS CONTROL NUMBER | |
| LC control number | a 39000378 |
| 015 ## - NATIONAL BIBLIOGRAPHY NUMBER | |
| National bibliography number | 01258150X |
| Source | dnb |
| 016 7# - NATIONAL BIBLIOGRAPHIC AGENCY CONTROL NUMBER | |
| Record control number | 01258150X |
| Source | DE-101 |
| 016 7# - NATIONAL BIBLIOGRAPHIC AGENCY CONTROL NUMBER | |
| Record control number | 447596-3 |
| Source | DE-600 |
| 016 7# - NATIONAL BIBLIOGRAPHIC AGENCY CONTROL NUMBER | |
| Record control number | 21430060R |
| Source | DNLM |
| 016 7# - NATIONAL BIBLIOGRAPHIC AGENCY CONTROL NUMBER | |
| Record control number | SR0018771 |
| Source | DNLM |
| 016 7# - NATIONAL BIBLIOGRAPHIC AGENCY CONTROL NUMBER | |
| Record control number | 011148716 |
| Source | Uk |
| 016 7# - NATIONAL BIBLIOGRAPHIC AGENCY CONTROL NUMBER | |
| Record control number | 000286611 |
| Source | Uk |
| 019 ## - | |
| -- | 1231159039 |
| -- | 1063826086 |
| -- | 1230932694 |
| -- | 1231159039 |
| 022 ## - INTERNATIONAL STANDARD SERIAL NUMBER | |
| International Standard Serial Number | 0096-9664 |
| Source | 1 |
| 023 0# - CLUSTER ISSN | |
| Cluster ISSN | 0096-9664 |
| Source | 1 |
| 029 1# - OTHER SYSTEM CONTROL NUMBER (OCLC) | |
| OCLC library identifier | AU@ |
| System control number | 000025643492 |
| 029 1# - OTHER SYSTEM CONTROL NUMBER (OCLC) | |
| OCLC library identifier | GEBAY |
| System control number | 10637443 |
| 029 1# - OTHER SYSTEM CONTROL NUMBER (OCLC) | |
| OCLC library identifier | NLGGC |
| System control number | 04498068X |
| 029 1# - OTHER SYSTEM CONTROL NUMBER (OCLC) | |
| OCLC library identifier | NLM |
| System control number | 21430060R |
| 029 1# - OTHER SYSTEM CONTROL NUMBER (OCLC) | |
| OCLC library identifier | NZ1 |
| System control number | 4734761 |
| 029 1# - OTHER SYSTEM CONTROL NUMBER (OCLC) | |
| OCLC library identifier | ZWZ |
| System control number | 036658375 |
| 029 1# - OTHER SYSTEM CONTROL NUMBER (OCLC) | |
| OCLC library identifier | UKMGB |
| System control number | 000286611 |
| 035 ## - SYSTEM CONTROL NUMBER | |
| System control number | (OCoLC)1552479 |
| 040 ## - CATALOGING SOURCE | |
| Original cataloging agency | MUL |
| Language of cataloging | eng |
| Transcribing agency | MUL |
| Modifying agency | OCLCQ |
| -- | DLC |
| -- | NST |
| -- | NLM |
| -- | OCLCQ |
| -- | NLGGC |
| -- | CRU |
| -- | OCLCQ |
| -- | GBVCP |
| -- | UKMGB |
| -- | OCLCO |
| -- | OCLCF |
| -- | OCLCQ |
| -- | OCLCL |
| -- | OCLCQ |
| 042 ## - AUTHENTICATION CODE | |
| Authentication code | nsdp |
| -- | nsdp |
| 050 00 - LIBRARY OF CONGRESS CALL NUMBER | |
| Classification number | RM300 |
| Item number | .C32a |
| 050 14 - LIBRARY OF CONGRESS CALL NUMBER | |
| Classification number | RS187 |
| Item number | .C3 |
| 060 00 - NATIONAL LIBRARY OF MEDICINE CALL NUMBER | |
| Classification number | W1 |
| Item number | UN937D |
| 082 0# - DEWEY DECIMAL CLASSIFICATION NUMBER | |
| Classification number | 615/.1/05 |
| Real World Object URI | https://id.oclc.org/worldcat/ddc/E3dWJ6DCwXYhHCR3GkrcQ4ghDR |
| 110 2# - MAIN ENTRY--CORPORATE NAME | |
| Corporate name or jurisdiction name as entry element | University of California, Berkeley. |
| Real World Object URI | https://id.oclc.org/worldcat/entity/E39QH7JmtdhhRVgpGjFRFYkXM6 |
| 222 #0 - KEY TITLE | |
| Key title | University of California publications in pharmacology |
| 245 10 - TITLE STATEMENT | |
| Title | University of California publications in pharmacology. |
| 246 30 - VARYING FORM OF TITLE | |
| Title proper/short title | Publications in pharmacology |
| 260 ## - PUBLICATION, DISTRIBUTION, ETC. | |
| Place of publication, distribution, etc. | [London], |
| Name of publisher, distributor, etc. | [Cambridge University Press] |
| Place of publication, distribution, etc. | [London], |
| Name of publisher, distributor, etc. | [Cambridge University Press] |
| Date of publication, distribution, etc. | 1938-1957. |
| 300 ## - PHYSICAL DESCRIPTION | |
| Extent | 3 volumes |
| Dimensions | 24 cm |
| 336 ## - CONTENT TYPE | |
| Content type term | text |
| Content type code | txt |
| Source | rdacontent |
| 337 ## - MEDIA TYPE | |
| Media type term | unmediated |
| Media type code | n |
| Source | rdamedia |
| 338 ## - CARRIER TYPE | |
| Carrier type term | volume |
| Carrier type code | nc |
| Source | rdacarrier |
| 362 0# - DATES OF PUBLICATION AND/OR SEQUENTIAL DESIGNATION | |
| Dates of publication and/or sequential designation | v. 1-3, no. 1. |
| 590 ## - LOCAL NOTE (RLIN) | |
| Local note | SERBIB/SERLOC merged record |
| 650 #0 - SUBJECT ADDED ENTRY--TOPICAL TERM | |
| Topical term or geographic name entry element | Pharmacology. |
| 650 #2 - SUBJECT ADDED ENTRY--TOPICAL TERM | |
| Topical term or geographic name entry element | Pharmacology. |
| 650 #7 - SUBJECT ADDED ENTRY--TOPICAL TERM | |
| Topical term or geographic name entry element | Pharmacology. |
| Source of heading or term | fast |
| Authority record control number or standard number | (OCoLC)fst01060259 |
| 650 17 - SUBJECT ADDED ENTRY--TOPICAL TERM | |
| Topical term or geographic name entry element | Farmacologie. |
| Source of heading or term | gtt |
| 655 #2 - INDEX TERM--GENRE/FORM | |
| Genre/form data or focus term | Periodicals. |
| 710 2# - ADDED ENTRY--CORPORATE NAME | |
| Corporate name or jurisdiction name as entry element | University of California, Berkeley. |
| Title of a work | Publications in pharmacology. |
| 776 08 - ADDITIONAL PHYSICAL FORM ENTRY | |
| Relationship information | Online version: |
| Main entry heading | University of California, Berkeley. |
| Title | University of California publications in pharmacology |
| Record control number | (OCoLC)664623306 |
| 890 ## - | |
| -- | California. University. University of California publications in pharmacology. |
| -- | a39-378 |
| 906 ## - LOCAL DATA ELEMENT F, LDF (RLIN) | |
| a | 7 |
| b | cbc |
| c | serials |
| d | 4 |
| e | ncip |
| f | 19 |
| g | n-oclcserc |
| 920 ## - | |
| -- | Keep 1 |
| 991 ## - | |
| -- | c-GenColl |
| -- | RM300 |
| -- | .C32a |
| -- | SERIALS |
| 991 ## - | |
| -- | c-GenColl |
| -- | RM300 |
| -- | .C32a |
| -- | 00025915550 |
| -- | Copy 1 |
| -- | 1 * 1938 -41 |
| -- | CCF |
| 991 ## - | |
| -- | c-GenColl |
| -- | RM300 |
| -- | .C32a |
| -- | 00025915549 |
| -- | Copy 1 |
| -- | 2 * 1941 -55 |
| -- | CCF |
| 992 ## - | |
| -- | SER |
| -- | SERLOC |
| Withdrawn status | Lost status | Damaged status | Not for loan | Home library | Current library | Shelving location | Date acquired | Total checkouts | Full call number | Barcode | Date last seen | Price effective from | Koha item type |
|---|---|---|---|---|---|---|---|---|---|---|---|---|---|
| Riverside | Riverside | General stacks | 22/03/2026 | 615/.1/05 | LOC-RPL-00035 | 22/03/2026 | 22/03/2026 | Books |